000 00417nam a2200145 a 4500
001 000047825
005 20201002060747.0
008 180827s2004 dr a 000 spa d
040 _aDO-SdBNP
_bspa
_cBNPHU
082 _axxx
_bF55
245 0 _aFitotecnia I.
260 _aLa Vega, República Dominicana, :
_bInstituto Técnico Salesiano,
_c[s.f.].
300 _a268 p. :
_bil ;
_c22 cm.
590 _aInventariado,2018/DG
999 _c47313
_d47313